White, male, and middle-class : explorations in feminism and history
Αποθηκεύτηκε σε:
| Κύριος συγγραφέας: | |
|---|---|
| Μορφή: | Βιβλίο |
| Γλώσσα: | English |
| Δημοσίευση: |
New York :
Routledge,
1992
|
| Θέματα: | |
| Ετικέτες: |
Προσθήκη ετικέτας
Δεν υπάρχουν, Καταχωρήστε ετικέτα πρώτοι!
|
MARC
| LEADER | 00000nam a2200000 i 4500 | ||
|---|---|---|---|
| 001 | 1/77967 | ||
| 008 | 080320s1992 eng d | ||
| 020 | |a 978-0-7456-0956-0 | ||
| 035 | |l 10095623 | ||
| 040 | |a GR-MY-UA |b gre |e aacr | ||
| 041 | 0 | |a eng | |
| 082 | 0 | |a 305.420942 |2 (22) | |
| 100 | 1 | |a Hall, Catherine. | |
| 245 | 1 | 0 | |a White, male, and middle-class : |b explorations in feminism and history / |c Catherine Hall |
| 260 | |a New York : |b Routledge, |c 1992 | ||
| 300 | |a viii, 307 σ.; |c 23 εκ. | ||
| 504 | |a Περιέχει βιβλιογραφικές παραπομπές και ευρετήριο | ||
| 650 | 0 | 0 | |a Women |z England |x History |y Modern period, 1600- |
| 650 | 0 | 0 | |a Middle class |z England |x History |y 19th century. |
| 650 | 0 | 0 | |a Middle class |z England |x History |y 18th century. |
| 651 | 0 | |a England |x Social conditions |y 19th century. | |
| 852 | |a INST |b LESVOS |e 20080320 |h 305.420942 HAL |p 005100038736 |q 005100038736 |t BK |y 0 | ||
| 901 | |a BIBL1-2008-1 | ||
| 909 | |a Λ |b 143139 | ||
| 922 | |a 1ΕΛΗ |b 200712 |c ΕΠΕΑΕΚ2/ΤΚΑ |d ΠΑΠΑΣΩΤΗΡΙΟΥ | ||
| 970 | |a ΓΙΑΛΑΜΑ |b ΜΑΡΙΑ |z 2008/03/20 | ||